Voy a pensar: nivel I. Lógica matemática

Saved in:
Bibliographic Details
Corporate Author: Equipo Kiré Paradigma (Author)
Format: Book
Language:Spanish
Published: Madrid Bruño 1995
Subjects:
Tags: Add Tag
No Tags, Be the first to tag this record!

MARC

LEADER 00000nam a2200000 a 4500
001 UCP4698
003 CL-VaPUC
008 990813e19950000SP |||||||||||||||||spa|d
082 0 4 |a 372.24  |b EQU  |2 21 
110 2 |a Equipo Kiré Paradigma  |e author  |9 432400 
245 1 0 |a Voy a pensar: nivel I. Lógica matemática 
300 |a v 
942 |c BK 
945 |d 19990813 00:00:00  |a rbrito 
260 |a Madrid  |b Bruño  |c 1995 
500 |a Incluye en forma separada guía metodológica nivel I 
650 0 |a Educación básica   |9 224933 
650 0 |a Matemáticas  |x Enseñanza  |9 875527 
650 0 |a Lógica  |9 256849 
583 |a last modification  |c 19990813 00:00:00  |k Rodrigo Vera 
999 |c 282600  |d 282598 
952 |0 0  |1 0  |4 0  |6 372_240000000000000_EQU_1995  |7 0  |8 P  |9 324614  |a BIBEDU  |b BIBEDU  |c BIBEDU_PB  |d 2019-11-20  |h v.1  |i 3540405  |o 372.24 EQU 1995  |p 3540405  |r 2024-01-25  |w 2019-11-20  |y BK  |k BME 
952 |0 0  |1 0  |4 0  |6 372_240000000000000_EQU_1995  |7 0  |8 P  |9 324615  |a BIBEDU  |b BIBEDU  |c BIBEDU_PB  |d 2019-11-20  |h v.2  |i 3540413  |o 372.24 EQU 1995  |p 3540413  |r 2024-01-25  |w 2019-11-20  |y BK  |k BME 
952 |0 0  |1 0  |4 0  |6 372_240000000000000_EQU_1995  |7 0  |8 P  |9 324616  |a BIBEDU  |b BIBEDU  |c BIBEDU_PB  |d 2019-11-20  |h v.3  |i 3540421  |o 372.24 EQU 1995  |p 3540421  |r 2024-01-25  |w 2019-11-20  |y BK  |k BME 
952 |0 0  |1 0  |4 0  |6 372_240000000000000_EQU_1995  |7 0  |8 P  |9 324617  |a BIBEDU  |b BIBEDU  |c BIBEDU_PB  |d 2019-11-20  |i 354043K  |o 372.24 EQU 1995  |p 354043K  |r 2024-01-25  |w 2019-11-20  |y BK  |k BME